00588 2200205 4500001002100000005001700021008004100038020002200079035002400101040001200125090002100137245007600158250001000234260003300244300002500277504001600302650003100318850001200349990002100361YOGYA-0212000000024120120215213851.0 ind  a978-602-191-161-7 0010-021200000000241 aYOPDYOG aDEP 297.77 Zai P aPengembangan manajemen mutu kurikulum pendidikan Islam /cZainal Arifin aCet.1 aYogyakartabDiva Pressc2012 a146 hlmbilusc20 cm ahlm 143-146 aIslam-Pendidikan-Kurikulum aYOPDYOG aCB-D.11-2012-070